000 00664nam a2200205Ia 4500
003 IN-BaIIA
008 211028s9999 xx 000 0 eng d
020 _a0-8243-0924-3
040 _cIIA Library
080 _a047.1:52
_bARA-24
245 0 _aAnnual Review of Astronomy and Astrophysics
_bvol. 14
_cedited by Geoffrey R. Burbidge..[et.al]
260 _aCalifornia
_bAnnual Reviews
_c1986
300 _a627p.
650 _aAnnual Reviews-Astronomy and Astrophysics
_98535
650 _aAstronomy and Astrophysics Thesaurus
700 _aBurbidge, Geoffrey R., ed.
700 _aLayzer, David., ed.
_94091
700 _aPhilips, John G., ed.
_97607
942 _cBK
999 _c8916
_d8916